Statistics for 50 Marvel Heroes by Picture #3

Click here to take the quiz!

General Stats

  • This quiz has been taken 28 times
  • The average score is 30 of 50

Answer Stats

Answer% Correct
Nova (Richard Rider)
92%
Nova (Sam Alexander)
92%
Red Hulk (Thaddeus Ross)
92%
Amadeus Cho
83%
Black Bolt (Blackagar Boltagon)
83%
Squirrel Girl (Doreen Green)
83%
Captain Britain (Brian Braddock)
79%
Hercules Panhellenios
79%
Medusa (Medusalith Amaquelin)
79%
Spider-Man 2099 (Miguel O'Hara)
79%
Wasp (Nadia Van Dyne)
79%
Hawkeye (Kate Bishop)
75%
Miss America (America Chavez)
75%
U.S. Agent (John Walker)
75%
Sentry (Robert Reynolds)
71%
Asgardian (William Kaplan)
67%
Black Knight (Dane Whitman)
67%
Cloak (Tyrone Johnson)
63%
Dagger (Tandy Bowen)
63%
Hulkling (Theodore Altman)
63%
Iron Lad (Nathaniel Richards)
63%
Lockjaw
63%
Speed (Thomas Sheppard)
63%
Tigra (Greer Nelson)
63%
Werewolf by Night (Jack Russell)
63%
Wong
63%
A-Bomb (Rick Jones)
58%
Ironheart (Riri Williams)
58%
Mockingbird (Bobbi Morse)
58%
Wonder Man (Simon Williams)
58%
Moondragon (Heather Douglas)
54%
Jocasta
50%
Stepford Cuckoos (Celeste, Esme, Irma, Phoebe, & Sophie Cuckoo)
50%
Stinger (Cassie Lang)
50%
Ancient One (Yao)
46%
Crystal (Crystalia Amaquelin)
46%
Dust (Sooraya Qadir)
46%
Quasar (Phyla-Vell)
46%
Quasar (Wendall Vaughn)
46%
Spectrum (Monica Rambeau)
46%
Darkhawk (Christopher Powell)
42%
Triton
42%
Gorgon Petragon
38%
Karnak Mander-Azur
38%
Patriot (Elijah Bradley)
38%
Songbird (Melissa Gold)
38%
Wolfsbane (Rahne Sinclair)
38%
Mirage (Dani Moonstar)
33%
Marvel Boy (Noh-Varr)
25%
Sersi
25%

Score Distribution

Percentile by Number Answered

Percent of People with Each Score

Your Score History

You have not taken this quiz